000 01331nam a2200349 a 4500
001 ebr10455649
003 CaPaEBR
006 m u
007 cr cn|||||||||
008 071213s2007 enk sb 001 0 eng d
010 _z 2007531590
020 _z1844651053 (hard)
020 _z9781844651054 (hard)
020 _z1844651061 (pbk.)
020 _z9781844651061 (pbk.)
020 _z9781844653973 (e-book)
040 _aCaPaEBR
_cCaPaEBR
035 _a(OCoLC)648448351
050 1 4 _aR725
_b.S37 2007eb
082 0 4 _a174.2
_222
100 1 _aSassower, Raphael.
245 1 0 _aEthical choices in contemporary medicine
_h[electronic resource] :
_bintegrative bioethics /
_cRaphael Sassower and Mary Ann Cutter.
260 _aStocksfield [England] :
_bAcumen Pub. Ltd.,
_c2007.
300 _avi, 154 p.
504 _aIncludes bibliographical references and index.
533 _aElectronic reproduction.
_bPalo Alto, Calif. :
_cebrary,
_d2013.
_nAvailable via World Wide Web.
_nAccess may be limited to ebrary affiliated libraries.
650 0 _aMedical ethics.
655 7 _aElectronic books.
_2local
700 1 _aCutter, Mary Ann Gardell.
710 2 _aebrary, Inc.
856 4 0 _uhttp://site.ebrary.com/lib/rucke/Doc?id=10455649
_zAn electronic book accessible through the World Wide Web; click to view
999 _c123172
_d123172